MDQL
is popping MORE tags! Check the
thread
!
Quizzes
Events
Quiz Creation
Community
Videos
Private Events
Remove Ads
Sign In
Join for FREE
Feedback
Dark Mode
Quiz Categories
Sports
Geography
Music
Movies
Television
Just For Fun
Miscellaneous
History
Literature
Language
Science
Gaming
Entertainment
Religion
Holiday
For Kids
Quiz Lab
Recent
Popular Today
Quiz Kudos Today
Editor Picks
Curator Picks
Quizzes by...
Day
Popularity
Type
Ratings
Length
Year
Community
Subscriptions
Recent Discussions
Orange Saloon
Badges
Playlists
Quests
Create
Leaderboards
Showdown
Live 5
Trivia Bingo
Activity
Puzzle Library
Sporcle Events
Private Events
Virtual Trivia
Globe League
Become a Host
Pub Owners
SporcleCon
Opinionation
Our Games
Videos
Blog
Mobile Apps
Partnerships
Remove Ads and Go Orange
Feedback
Sports
Athletes
MLB
NBA
NHL
NFL
Soccer
Sports Teams
WWE
NCAA
Football
Premier League
Basketball
Baseball
Hockey
Golf
Tennis
Cricket
Rugby
Auto Racing
Olympics
World Cup
Sports
Athletes
MLB
NBA
NHL
NFL
Soccer
Sports Teams
WWE
NCAA
Football
Premier League
Basketball
Baseball
Hockey
Golf
Tennis
Cricket
Rugby
Auto Racing
Olympics
World Cup
Random Quiz
Search Sporcle
×
Quiz Lab
Quiz Lab
Sports
Board Games
Type in answers that appear in a list
Type in answers that appear in a list
Classic
Best Score? Go Orange.
250 Yards from Scrimmage Stats
Can you name the 21 NFL players who have recorded 250 yards from scrimmage in a single game since 2000?
By
jbcorri
4m
21 Questions
188 Plays
188 Plays
188 Plays
Comments
Comments
Give Quiz Kudos
Give Quiz Kudos
-
- Ratings
hide this ad
Replay
Link that replays current quiz
Next Quiz
Link to next quiz in quiz playlist
You Got
0%
They Got
Avg Score
80%
Avg Friend Score
Upgrade to see
Score Distribution
Jump to the score distribution portion of the page
Score
0/21
Timer
04:00
0
Plays Today
Year
Player Name
% Correct
2009
Chris Johnson
98.4%
2002, 2005, 2006
Tiki Barber
97.9%
2002, 2003
LaDainian Tomlinson
96.3%
2007
Adrian Peterson
95.2%
2000 -
Twice, 2001
Marshall Faulk
94.7%
2006
Steven Jackson
93.6%
2003
Jamal Lewis
93.6%
2001
Shaun Alexander
93.1%
2010
Jamaal Charles
91%
2001, 2002
Priest Holmes
91%
2009
Miles Austin
80.9%
Year
Player Name
% Correct
2003
Clinton Portis
72.3%
2000
Terrell Owens
71.8%
2000
Jimmy Smith
71.3%
2006
Lee Evans
70.2%
2000
Corey Dillon
69.7%
2009
Jerome Harrison
69.1%
2006
Chad Ochocinco
67%
2000
Mike Anderson
61.2%
2002
Plaxico Burress
56.4%
2000
Duce Staley
48.9%
Quiz Playlist
Details
Report
Send in Message
Add To Playlist
Classic:
Type in answers that appear in a list
Last Updated: Feb 16, 2017
Quiz Scoreboard
CHALLENGE
Sign Up to Join the Scoreboard
Show All
Scores
Hide
Comments
May contain spoilers
Recently Published
1-10 Letter E Words III
by El_Dandy
Language
2m
Street Fighter Characters
by Artimus82
Gaming
60s
College Basketball Coaching Resumes
by pancakes188
Sports
9m
More to Explore
Quiz From the Vault
Featured Blog Post
Where Did the Easter Bunny Come From?
hide this ad
You Might Also Like...
Tags
Board Games Quiz
NFL Quiz
2000
250
Player
Recorded
scrimmage
Single
team
Yard
Today's Top Quizzes in Sports
Browse Sports
hide this ad
Today's Top Quizzes in Board Games
Browse Board Games
Top Contributed Quizzes in Sports
1
2022 World Cup Stars
2
Les meilleurs buteurs des matchs entre le PSG et l’OM
3
FIFA Club World Cup Champions
4
Les entraîneurs de l'OM et du PSG au 21e siècle
5
Criteria MLB: Left Handed Sluggers
6
2023 MLB Unique Player Accomplishments
7
AFC Teams Reveal (Wrong Answers Minefield)
8
Players with Multiple 50 Home Run Seasons
9
NBA Logic Puzzle 2.0
10
5-to-1: FBS Animal Nicknames
Explore More
Trending Topics
Crossword
Marvel
NBA
Kpop
Harry Potter
Anime
Disney
NFL
Soccer
Puzzle
The Office
Country
Song
WWE
Pokémon
hide this ad
More By:
jbcorri
Quiz
Plays
Rating
Category
Featured
Created
Pro Bowl QBs Since 2000
6,987
4.50
Sports
Nov 14, 2010
Undrafted RBs and WRs 1000 Yds
1,215
4.13
Sports
Nov 14, 2010
Highest Scoring Freshmen in Final Four
372
3.00
Sports
Nov 8, 2009
Pro Bowl QBs (2000 - 2012)
191
5.00
Sports
Jan 3, 2013
250 Yards from Scrimmage
188
Sports
Nov 14, 2010
Go to Creator's Profile
Score Distribution
Quiz Creator Spotlight
jbcorri
Follow
Send a Message
Quizzes Created
-
Created Quiz Play Count
-
More By This Creator
Popular Quizzes Today
1
Find the US States - No Outlines Minefield
2
Find the Countries of Europe - No Outlines Minefield
3
Find the US States
4
The Countries of the World
5
Risky Map Clicking: Biggest States A-Z
6
US States
7
Popular People in 1961
8
Movies - When Are They Set?
More Sports Quizzes
Sport by Numbers III
Published
Trending Quizzes
Risky Map Clicking: Least Populous States A-Z
1-10 Letter G Words
1-10 Letter F Words
Countries of the World: 200 Million BC
Risky Map Clicking: Next State Alphabetically
Recently Updated
Rides in Walt Disney World
pecheneg
Most Oscar Losses (Acting)
pecheneg
Beyoncé Albums
pecheneg
Leaping Animals
pecheneg
Reality TV Shows (A-Z)
bhenderson79
Rickey Henderson's Hall of Fame Teammates
pecheneg
Champions League XIs: Arsenal
pecheneg
Quick Pick: Celebrities in WWE's Hall of Fame
aduchscher
A-Z Keypad Blitz II
pecheneg
Trending Topics
Disney
Harry Potter
Kpop
Marvel
Crossword
NBA
Anime
Soccer
Pokémon
The Office
Puzzle
Country
Song
NFL
WWE
Your Account Isn't Verified!
In order to create a playlist on Sporcle, you need to verify the email address you used during registration. Go to your
Sporcle Settings
to finish the process.
Report this User
Report this user for behavior that violates our
Community Guidelines
.
Details:
Send Report
Go to the Sporcle.com Mobile Site →
Comments